| 000 | 00426nam a2200157Ia 4500 | ||
|---|---|---|---|
| 005 | 20250508152713.0 | ||
| 008 | 008 250505s9999 xx 000 0 eng d | ||
| 037 | _aTextual | ||
| 040 |
_aFEDL _beng _cFEDL |
||
| 041 |
_aeng _2eng |
||
| 084 |
_a758.42, MAR _qFEDL |
||
| 100 |
_aMarcus M F _9762186 |
||
| 245 | 0 | _aFlower painting by the Great masters | |
| 942 |
_cTEXL _h758.42, MAR |
||
| 999 |
_c1338157 _d1338157 |
||